[Event "FRA-ch Youth U18 2019"]
[Site "Hyeres"]
[Date "2019.04.20"]
[Round "8.4"]
[White "Pham, Arthur"]
[Black "Jenny, Emile"]
[Result "1-0"]
[WhiteElo "2099"]
[BlackElo "1753"]
[Annotator "NA"]
[PlyCount "87"]
[EventDate "2019.04.14"]
[EventType "swiss"]
[EventCountry "FRA"]
[SourceTitle "playchess.com"]
[Source "ChessBase"]
[SourceQuality "1"]
[TimeControl "5400+30"]

1. e4 {[%emt 0:00:00]} e5 {[%emt 0:00:00]} 2. Nf3 {[%emt 0:00:00]} Nc6 {[%emt 0:00:00]} 3. Bc4 {[%emt 0:00:00]} Bc5 {[%emt 0:00:00]} 4. c3 {[%emt 0:00:17]} Nf6 {[%emt 0:00:09]} 5. d3 {[%emt 0:04:09]} d6 {[%emt 0:05:10]} 6. h3 {[%emt 0:01:00]} h6 {[%emt 0:00:08]} 7. b4 {[%emt 0:03:28]} Bb6 {[%emt 0:00:34]} 8. a4 {[%emt 0:01:04]} a5 {[%emt 0:01:06]} 9. b5 {[%emt 0:01:24]} Ne7 {[%emt 0:00:26]} 10. Bb3 {[%emt 0:11:00]} Ng6 {[%emt 0:06:04]} 11. O-O {[%emt 0:01:45]} Nh5 {[%emt 0:06:42]} 12. d4 {[%emt 0:06:27]} Qf6 {[%emt 0:04:48]} 13. Nxe5 {[%emt 0:05:38]} dxe5 {[%emt 0:01:21]} 14. Qxh5 {[%emt 0:00:15]} exd4 {[%emt 0:01:24]} 15. cxd4 {[%emt 0:04:01]} Bxd4 {[%emt 0:04:34]} 16. Ra2 {[%emt 0:00:32]} Be6 {[%emt 0:02:40]} 17. Bxe6 {[%emt 0:02:28]} Qxe6 {[%emt 0:00:11]} 18. Rd2 {[%emt 0:02:32]} O-O-O {[%emt 0:02:02]} 19. Re1 {[%emt 0:06:22]} Qb3 {[%emt 0:07:22]} 20. Red1 {[%emt 0:12:09]} Qxb1 {[%emt 0:08:27]} 21. Qg4+ {[%emt 0:01:25]} Kb8 {[%emt 0:00:19]} 22. Bb2 {[%emt 0:00:33]} Qxb2 {[%emt 0:01:08]} 23. Rxb2 {[%emt 0:00:08]} Bxb2 {[%emt 0:00:04]} 24. Qe2 {[%emt 0:03:26]} Rxd1+ {[%emt 0:00:36]} 25. Qxd1 {[%emt 0:00:05]} Bf6 {[%emt 0:03:59]} 26. Qb3 {[%emt 0:02:42]} Rf8 {[%emt 0:03:37]} 27. g3 {[%emt 0:00:32]} Bd4 {[%emt 0:01:01]} 28. Qd5 {[%emt 0:01:10]} Bb6 {[%emt 0:02:09]} 29. Kf1 {[%emt 0:03:21]} f5 {[%emt 0:03:40]} 30. e5 {[%emt 0:03:42]} f4 {[%emt 0:00:35]} 31. g4 {[%emt 0:06:35]} c6 {[%emt 0:05:21]} 32. Qd6+ {[%emt 0:03:39]} Bc7 {[%emt 0:00:14]} 33. Qxg6 {[%emt 0:00:10]} Bxe5 {[%emt 0:00:17]} 34. Qe6 {[%emt 0:01:11]} Bc7 {[%emt 0:01:52]} 35. b6 {[%emt 0:00:03]} Rc8 {[%emt 0:02:43]} 36. bxc7+ {[%emt 0:00:15]} Kxc7 {[%emt 0:00:13]} 37. Qe5+ {[%emt 0:00:05]} Kb6 {[%emt 0:00:22]} 38. Qxg7 {[%emt 0:00:40]} c5 {[%emt 0:00:21]} 39. Qxh6+ {[%emt 0:00:07]} Rc6 {[%emt 0:00:07]} 40. Qxf4 {[%emt 0:00:04]} c4 {[%emt 0:00:05]} 41. Qd4+ {[%emt 0:00:28]} Ka6 {[%emt 0:00:11]} 42. Ke1 {[%emt 0:01:05]} b5 {[%emt 0:00:19]} 43. Qd5 {[%emt 0:00:13]} Rb6 {[%emt 0:00:12]} 44. Qa8# {[%emt 0:00:02]} 1-0

[Event "FRA-ch Youth U18 2019"]
[Site "Hyeres"]
[Date "2019.04.21"]
[Round "9.1"]
[White "Travadon, Loic"]
[Black "Derige Kane, Yan"]
[Result "1-0"]
[WhiteElo "2456"]
[BlackElo "2057"]
[Annotator "TA"]
[PlyCount "89"]
[EventDate "2019.04.14"]
[EventType "swiss"]
[EventCountry "FRA"]
[SourceTitle "playchess.com"]
[Source "ChessBase"]
[SourceQuality "1"]

{[%evp 21,89,-3,-3,-7,-4,4,-8,-14,0,-22,-27,-20,-20,-14,56,-16,-8,-14,0,0,6,10,6,8,31,0,0,0,0,-18,0,0,28,29,28,11,45,50,45,60,48,29,58,70,163,162,152,169,159,150,216,202,275,248,349,352,354,354,381,377,357,353,512,508,583,540,682,671,1115,688]} 1. Nf3 Nf6 2. c4 e6 3. b3 d5 4. Bb2 Be7 5. e3 b6 6. Nc3 Bb7 7. cxd5 exd5 8. d4 Nbd7 9. Bd3 Ne4 10. O-O O-O 11. Ne2 Bd6 12. Ne5 {E14: Queen's Indian: Classical Variation (4 e3)} (12. Rc1 Qe7 13. Ng3 f5 14. Qc2 Rac8 15. Qe2 a5 16. Ba6 Bxa6 17. Qxa6 Qe6 18. Rc2 a4 19. bxa4 Ra8 {½-½ (49) Morchiashvili,B (2393)-Avalyan,A (2319) Moscow 2018}) 12... Qe7 {[%cal Rd7e5]} 13. Nxd7 Qxd7 14. f3 $146 {The position is equal.} ({Predecessor:} 14. Qc2 Rae8 15. Nf4 g6 16. f3 Ng5 17. Rae1 f5 18. h4 Ne6 19. g3 Nxf4 20. exf4 Rxe1 21. Rxe1 Re8 22. Qd2 {½-½ (22) Hassenrueck,H-Hoefker,M (2255) Ruhrgebiet 1997}) 14... Nf6 15. Ng3 Rfe8 16. Qd2 g6 17. Rae1 Qe7 (17... Bxg3 $11 18. hxg3 a5) 18. Nh1 (18. e4 $1 $14) 18... Bb4 19. Bc3 a5 20. Nf2 {[%cal Bh1f2,Bf2d3,Bd3c5][%mdl 32]} c5 21. a4 Bxc3 22. Qxc3 Rac8 {[%cal Ba8c8,Bc8c6,Bc6e6][%mdl 32] White should prevent ...c4!} 23. Bb5 Bc6 24. Bxc6 Rxc6 25. Nd3 Re6 26. dxc5 bxc5 (26... Rc8 {feels hotter.} 27. c6 Rexc6 28. Qd4 Re8 29. Rf2 Re6) 27. Qxc5 Qxc5 28. Nxc5 Rxe3 (28... Rc6 $5 {[%cal Rc6c5]} 29. Rc1 Rxe3 $11) 29. Rxe3 Rxe3 $11 {[%mdl 4096] Endgame KRN-KRN} 30. Rb1 Re7 31. b4 axb4 32. Rxb4 Ra7 ({Black should try} 32... Re1+ $14 33. Kf2 Rc1) 33. Kf2 $18 Rc7 34. Rb5 Ne8 35. Ke3 Kg7 {[#]} (35... Rc8 $16) 36. Kd4 $1 Re7 37. Rb2 Nd6 (37... Re1 $142 38. Kxd5 h5) 38. Kxd5 Nf5 39. a5 {[%cal Ba4a5,Ba5a6][%mdl 32]} Ne3+ 40. Kd4 Nf5+ 41. Kc4 Ne3+ (41... Re8 $142 42. a6 Rd8) 42. Kb5 {White is clearly winning.} Nd1 43. Rc2 Re3 44. a6 Ra3 45. Rc4 {Accuracy: White = 62%, Black = 23%.} 1-0

[Event "FRA-ch Youth U18 2019"]
[Site "Hyeres"]
[Date "2019.04.21"]
[Round "9.2"]
[White "Gao, Etienne"]
[Black "Pham, Arthur"]
[Result "1/2-1/2"]
[WhiteElo "2286"]
[BlackElo "2099"]
[Annotator "NA"]
[PlyCount "86"]
[EventDate "2019.04.14"]
[EventType "swiss"]
[EventCountry "FRA"]
[SourceTitle "playchess.com"]
[Source "ChessBase"]
[SourceQuality "1"]
[TimeControl "5400+30"]

1. e4 {[%emt 0:00:00]} c5 {[%emt 0:00:00]} 2. Nf3 {[%emt 0:00:00]} d6 {[%emt 0:00:00]} 3. d4 {[%emt 0:00:00]} cxd4 {[%emt 0:00:00]} 4. Nxd4 {[%emt 0:00:08]} Nf6 {[%emt 0:00:00]} 5. Nc3 {[%emt 0:00:17]} g6 {[%emt 0:00:00]} 6. Be3 {[%emt 0:00:20]} Bg7 {[%emt 0:00:07]} 7. f3 {[%emt 0:00:22]} Nc6 {[%emt 0:00:12]} 8. Bc4 {[%emt 0:00:38]} O-O {[%emt 0:00:13]} 9. Qd2 {[%emt 0:00:13]} Nd7 {[%emt 0:01:35]} 10. h4 {[%emt 0:03:12]} Nb6 {[%emt 0:05:28]} 11. Bb3 {[%emt 0:00:43]} Na5 {[%emt 0:05:28]} 12. h5 {[%emt 0:02:35]} Nbc4 {[%emt 0:00:58]} 13. Qe2 {[%emt 0:01:57]} Nxe3 {[%emt 0:05:10]} 14. Qxe3 {[%emt 0:00:06]} Nxb3 {[%emt 0:00:08]} 15. axb3 {[%emt 0:00:04]} Bd7 {[%emt 0:08:07]} 16. O-O-O {[%emt 0:01:34]} a5 {[%emt 0:05:31]} 17. f4 {[%emt 0:00:10]} b5 {[%emt 0:03:24]} 18. f5 {[%emt 0:07:54]} b4 {[%emt 0:10:31]} 19. Na4 {[%emt 0:01:47]} gxf5 {[%emt 0:05:07]} 20. Nxf5 {[%emt 0:05:47]} Bxf5 {[%emt 0:02:04]} 21. exf5 {[%emt 0:00:02]} h6 {[%emt 0:05:12]} 22. Kb1 {[%emt 0:02:20]} Kh7 {[%emt 0:06:27]} 23. Nb6 {[%emt 0:05:45]} Rb8 {[%emt 0:04:02]} 24. Nd5 {[%emt 0:00:17]} Be5 {[%emt 0:02:49]} 25. f6 {[%emt 0:29:06]} exf6 {[%emt 0:07:50]} 26. Qe4+ {[%emt 0:00:53]} Kh8 {[%emt 0:00:49]} 27. Ne3 {[%emt 0:01:27]} Rg8 {[%emt 0:01:11]} 28. Nf5 {[%emt 0:01:06]} Qf8 {[%emt 0:00:15]} 29. Qf3 {[%emt 0:05:37]} Rd8 {[%emt 0:01:47]} 30. Rd5 {[%emt 0:00:18]} Ra8 {[%emt 0:03:30]} 31. Rb5 {[%emt 0:06:24]} Qe8 {[%emt 0:03:56]} 32. Qd5 {[%emt 0:01:41]} Rg5 {[%emt 0:04:48]} 33. Nxh6 {[%emt 0:01:33]} Ra7 {[%emt 0:00:26]} 34. g4 {[%emt 0:05:58]} Bxb2 {[%emt 0:00:22]} 35. Nf5 {[%emt 0:01:26]} Be5 {[%emt 0:02:29]} 36. Rxa5 {[%emt 0:02:25]} Rxa5 {[%emt 0:00:40]} 37. Qxa5 {[%emt 0:00:04]} Qc8 {[%emt 0:00:09]} 38. Ne3 {[%emt 0:04:43]} Bd4 {[%emt 0:01:39]} 39. Nf5 {[%emt 0:00:06]} Be5 {[%emt 0:02:06]} 40. Nh6 {[%emt 0:01:29]} Kg7 {[%emt 0:02:49]} 41. Nf5+ {[%emt 0:00:21]} Kh7 {[%emt 0:01:22]} 42. Qa7 {[%emt 0:01:10]} Rxf5 {[%emt 0:01:25]} 43. gxf5 {[%emt 0:00:54]} Qc3 {[%emt 0:00:32]} 1/2-1/2

[Event "FRA-ch Youth U18 2019"]
[Site "Hyeres"]
[Date "2019.04.21"]
[Round "9.3"]
[White "Bournel, Antoine"]
[Black "Lucas, Arthur"]
[Result "0-1"]
[WhiteElo "2221"]
[BlackElo "2301"]
[Annotator "NA"]
[PlyCount "153"]
[EventDate "2019.04.14"]
[EventType "swiss"]
[EventCountry "FRA"]
[SourceTitle "playchess.com"]
[Source "ChessBase"]
[SourceQuality "1"]
[TimeControl "5400+30"]

1. d4 {[%emt 0:00:00]} Nf6 {[%emt 0:00:00]} 2. Nf3 {[%emt 0:00:00]} g6 {[%emt 0:00:17]} 3. Bg5 {[%emt 0:00:00]} Bg7 {[%emt 0:00:08]} 4. Nbd2 {[%emt 0:00:13]} d5 {[%emt 0:01:19]} 5. e3 {[%emt 0:00:29]} O-O {[%emt 0:02:06]} 6. Be2 {[%emt 0:00:38]} c5 {[%emt 0:06:53]} 7. c3 {[%emt 0:00:29]} cxd4 {[%emt 0:00:52]} 8. exd4 {[%emt 0:03:29]} Nc6 {[%emt 0:01:08]} 9. O-O {[%emt 0:00:48]} Bf5 {[%emt 0:03:22]} 10. Qb3 {[%emt 0:02:37]} b6 {[%emt 0:11:52]} 11. a4 {[%emt 0:03:25]} h6 {[%emt 0:08:14]} 12. Bh4 {[%emt 0:02:31]} Nh5 {[%emt 0:13:26]} 13. Rfe1 {[%emt 0:01:20]} g5 {[%emt 0:01:41]} 14. Bg3 {[%emt 0:01:05]} Nxg3 {[%emt 0:01:00]} 15. hxg3 {[%emt 0:00:18]} e6 {[%emt 0:01:19]} 16. Bb5 {[%emt 0:06:57]} Qc7 {[%emt 0:03:10]} 17. Re3 {[%emt 0:01:23]} a6 {[%emt 0:05:36]} 18. Bd3 {[%emt 0:02:55]} Bxd3 {[%emt 0:01:09]} 19. Rxd3 {[%emt 0:00:08]} b5 {[%emt 0:03:22]} 20. Qd1 {[%emt 0:13:07]} Na5 {[%emt 0:05:46]} 21. b4 {[%emt 0:05:47]} Nc4 {[%emt 0:00:51]} 22. Nxc4 {[%emt 0:06:47]} dxc4 {[%emt 0:07:51]} 23. Rd2 {[%emt 0:02:57]} a5 {[%emt 0:01:54]} 24. Rb2 {[%emt 0:01:16]} Rfb8 {[%emt 0:03:55]} 25. Qb1 {[%emt 0:02:18]} axb4 {[%emt 0:15:19]} 26. Rxb4 {[%emt 0:00:13]} Qa5 {[%emt 0:00:00]} 27. Ne5 {[%emt 0:01:49]} Bxe5 {[%emt 0:00:00]} 28. dxe5 {[%emt 0:00:06]} Qc7 {[%emt 0:00:02]} 29. Rxb5 {[%emt 0:04:28]} Rxb5 {[%emt 0:00:33]} 30. axb5 {[%emt 0:01:59]} Rb8 {[%emt 0:00:05]} 31. Qb4 {[%emt 0:01:23]} Qxe5 {[%emt 0:00:54]} 32. b6 {[%emt 0:00:36]} Qd5 {[%emt 0:00:40]} 33. Kh2 {[%emt 0:01:32]} Qc6 {[%emt 0:00:39]} 34. Ra6 {[%emt 0:02:39]} Kg7 {[%emt 0:00:00]} 35. Qe7 {[%emt 0:04:50]} Qb7 {[%emt 0:01:34]} 36. Qc5 {[%emt 0:03:01]} Rc8 {[%emt 0:00:30]} 37. Qd4+ {[%emt 0:01:08]} Kg6 {[%emt 0:00:16]} 38. Ra4 {[%emt 0:02:39]} Qd5 {[%emt 0:00:38]} 39. Qe3 {[%emt 0:01:51]} Qd1 {[%emt 0:00:28]} 40. Qe4+ {[%emt 0:03:35]} Kg7 {[%emt 0:00:19]} 41. b7 {[%emt 0:02:54]} Rb8 {[%emt 0:00:48]} 42. Qe5+ {[%emt 0:01:26]} f6 {[%emt 0:00:31]} 43. Qc7+ {[%emt 0:01:02]} Kg6 {[%emt 0:00:03]} 44. Ra1 {[%emt 0:00:16]} Rxb7 {[%emt 0:00:49]} 45. Qxb7 {[%emt 0:00:45]} Qxa1 {[%emt 0:00:04]} 46. Qe4+ {[%emt 0:00:06]} Kg7 {[%emt 0:00:28]} 47. Qxc4 {[%emt 0:00:06]} Qe1 {[%emt 0:00:28]} 48. Qc5 {[%emt 0:01:08]} Qe2 {[%emt 0:00:47]} 49. f3 {[%emt 0:00:29]} h5 {[%emt 0:00:29]} 50. Qd4 {[%emt 0:01:01]} Qe1 {[%emt 0:00:37]} 51. c4 {[%emt 0:01:09]} h4 {[%emt 0:00:25]} 52. gxh4 {[%emt 0:00:38]} gxh4 {[%emt 0:00:02]} 53. Qe4 {[%emt 0:01:32]} Qg3+ {[%emt 0:00:34]} 54. Kh1 {[%emt 0:00:44]} h3 {[%emt 0:00:59]} 55. gxh3 {[%emt 0:00:11]} Qxh3+ {[%emt 0:00:04]} 56. Kg1 {[%emt 0:00:02]} Kf7 {[%emt 0:00:38]} 57. Qb7+ {[%emt 0:01:04]} Ke8 {[%emt 0:00:12]} 58. Qc8+ {[%emt 0:00:16]} Ke7 {[%emt 0:00:09]} 59. Qc7+ {[%emt 0:00:03]} Ke8 {[%emt 0:00:06]} 60. Kf2 {[%emt 0:00:26]} Qh4+ {[%emt 0:00:31]} 61. Ke2 {[%emt 0:00:08]} Qd4 {[%emt 0:00:44]} 62. c5 {[%emt 0:01:23]} Qc4+ {[%emt 0:00:54]} 63. Ke3 {[%emt 0:00:47]} Qc3+ {[%emt 0:00:13]} 64. Kf4 {[%emt 0:02:58]} Qd4+ {[%emt 0:00:15]} 65. Kg3 {[%emt 0:00:07]} Qg1+ {[%emt 0:00:05]} 66. Kh4 {[%emt 0:01:15]} Qh1+ {[%emt 0:00:35]} 67. Kg4 {[%emt 0:00:29]} Qg2+ {[%emt 0:01:11]} 68. Qg3 {[%emt 0:01:58]} Qxg3+ {[%emt 0:00:33]} 69. Kxg3 {[%emt 0:00:05]} Kd7 {[%emt 0:00:05]} 70. Kh4 {[%emt 0:00:10]} Kc6 {[%emt 0:00:39]} 71. Kh5 {[%emt 0:03:10]} Kxc5 {[%emt 0:00:09]} 72. Kg6 {[%emt 0:00:49]} f5 {[%emt 0:00:12]} 73. Kg5 {[%emt 0:01:21]} Kd4 {[%emt 0:00:33]} 74. Kf4 {[%emt 0:00:16]} Kd3 {[%emt 0:00:28]} 75. Ke5 {[%emt 0:00:15]} Ke3 {[%emt 0:00:05]} 76. Kxe6 {[%emt 0:00:04]} f4 {[%emt 0:00:06]} 77. Ke5 {[%emt 0:05:11] Kd4+ [%clk 0:00:00]} 0-1

[Event "FRA-ch Youth U18 2019"]
[Site "Hyeres"]
[Date "2019.04.21"]
[Round "9.4"]
[White "Arnaud, Aurelien"]
[Black "Mazzella, Enzo"]
[Result "0-1"]
[WhiteElo "2174"]
[BlackElo "2249"]
[Annotator "NA"]
[PlyCount "70"]
[EventDate "2019.04.14"]
[EventType "swiss"]
[EventCountry "FRA"]
[SourceTitle "playchess.com"]
[Source "ChessBase"]
[SourceQuality "1"]
[TimeControl "5400+30"]

1. d4 {[%emt 0:00:00]} Nf6 {[%emt 0:00:00]} 2. c4 {[%emt 0:00:00]} g6 {[%emt 0:00:00]} 3. Nc3 {[%emt 0:00:00]} d5 {[%emt 0:00:00]} 4. cxd5 {[%emt 0:00:04]} Nxd5 {[%emt 0:00:00]} 5. Bd2 {[%emt 0:00:12]} Nb6 {[%emt 0:00:00]} 6. e4 {[%emt 0:01:20]} Bg7 {[%emt 0:00:00]} 7. Be3 {[%emt 0:00:12]} O-O {[%emt 0:00:00]} 8. h3 {[%emt 0:00:07]} Nc6 {[%emt 0:00:05]} 9. Nf3 {[%emt 0:00:14]} f5 {[%emt 0:00:06]} 10. exf5 {[%emt 0:07:18]} gxf5 {[%emt 0:00:16]} 11. g3 {[%emt 0:01:38]} Kh8 {[%emt 0:32:38]} 12. Be2 {[%emt 0:06:51]} Nd5 {[%emt 1:02:55]} 13. h4 {[%emt 0:01:16]} f4 {[%emt 0:00:00]} 14. Nxd5 {[%emt 0:04:05]} Qxd5 {[%emt 0:00:00]} 15. gxf4 {[%emt 0:01:09]} Bf5 {[%emt 0:00:00]} 16. Rg1 {[%emt 0:02:56]} Nb4 {[%emt 0:00:00]} 17. Rc1 {[%emt 0:01:09]} Qxa2 {[%emt 0:00:00]} 18. Qd2 {[%emt 0:07:58]} Qb3 {[%emt 0:00:00]} 19. Qc3 {[%emt 0:05:14]} Qxc3+ {[%emt 0:00:00]} 20. Rxc3 {[%emt 0:00:18]} Nd5 {[%emt 0:00:00]} 21. Rc5 {[%emt 0:01:49]} c6 {[%emt 0:04:30]} 22. Bc4 {[%emt 0:02:02]} b6 {[%emt 0:00:00]} 23. Bxd5 {[%emt 0:01:05]} bxc5 {[%emt 0:00:00]} 24. Bxc6 {[%emt 0:00:18]} Rac8 {[%emt 0:00:00]} 25. d5 {[%emt 0:00:18]} h6 {[%emt 0:00:00]} 26. Ne5 {[%emt 0:01:00]} Bf6 {[%emt 0:00:00]} 27. h5 {[%emt 0:00:42]} Rg8 {[%emt 0:00:00]} 28. Rh1 {[%emt 0:03:12]} Rb8 {[%emt 0:00:00]} 29. Bc1 {[%emt 0:01:34]} Be4 {[%emt 0:02:33]} 30. Rh3 {[%emt 0:00:54]} Rb4 {[%emt 0:00:48]} 31. f3 {[%emt 0:02:13]} Bf5 {[%emt 0:00:53]} 32. Rh1 {[%emt 0:01:04]} Rg2 {[%emt 0:00:14]} 33. b3 {[%emt 0:02:51]} Rxb3 {[%emt 0:00:20]} 34. Ba4 {[%emt 0:00:09]} Rb1 {[%emt 0:00:12]} 35. Kd1 {[%emt 0:00:29]} Ra2 {[%emt 0:00:15]} 0-1